Scientific papers of the University of Pardubice

Uložené v:
Podrobná bibliografia
Médium: Seriál
Jazyk:Czech
Vydavateľské údaje: Pardubice Univerzita Pardubice 1999
Predmet:
Tagy: Pridať tag
Žiadne tagy, Buďte prvý, kto otaguje tento záznam!

MARC

LEADER 00000nas2a2200000 4500
001 0110039
005 20180821063755.2
022 |a 1211-555X 
041 0 |a cze 
044 |a CZ 
245 1 0 |a Scientific papers of the University of Pardubice 
264 1 |a Pardubice  |b Univerzita Pardubice  |c 1999 
773 0 |w eu_un_cat*0208010 
610 2 0 |a teórie ekonomické 
610 2 0 |a situácia hospodárska 
610 2 0 |a hospodárstvo svetové 
610 2 0 |a mikroekonomika 
610 2 0 |a veda ekonomická 
610 2 0 |a Univerzita Pardubice